00569cam a2200217 450000100070000000500170000700800410002401000170006502000380008204000180012004100080013804200090014604300120015508000110016708200220017810000070020010100080020724500940021535000100030950400320031937831320171222041653.0730117s1973 nyua b 001 0beng  a 78105488  a0060247797a0060247800 (lib. ed.) aDLCcDLCdDLC aeng alcac ae-ur--- a947.0500a947.05 PUTaBa921 a17 aHIS10aPeter, the revolutionary tsar,cby Peter Brock Putnam. Maps and illus. by Laszlo Kubinyi. a$7.95 aBibliography: p. [255]-259.